| 000 | 00929pab a2200193 454500 | ||
|---|---|---|---|
| 008 | 180718b1999 xxu||||| |||| 00| 0 eng d | ||
| 100 | _aGovindappa, G.T. | ||
| 245 | _aRural women entrepreneurship: constraints and strategies | ||
| 260 | _c1999 | ||
| 300 | _ap.11-14 | ||
| 362 | _aNov | ||
| 520 | _aThe individual is one of the very important factors in entrepreneurship. The individuals with high-need for achievement become entrepreneurs. Entrepreneurship development among rural women should first prepare them through motivation training for entrepreneurial venture. Rural women also face social and technological risks. Strategy for development of entrepreneurship among these women should address these risks also. - Reproduced | ||
| 650 | _aEntrepreneurs - India | ||
| 650 | _aRural women - India | ||
| 650 | _aWomen in business - India | ||
| 650 | _aWomen in business | ||
| 773 | _aKurukshetra | ||
| 909 | _a43060 | ||
| 999 |
_c43060 _d43060 |
||